000 00371nam a22001571a 4500
020 _a9789350005163
082 _aH3
_bCHA/Y
100 _aChandrakantha
245 _aYaham vitashta bahti hei/
_cby Chandrakantha
260 _aNew Delhi:
_bVani,
_c2011.
300 _a228p.
650 _aNovel Hindi
650 _aLiterature Hindi
650 _aLiterature
942 _cBK
999 _c51527
_d51527